[Event "Titled Tue 6th Aug Early"]
[Site "chess.com INT"]
[Date "2024.08.06"]
[Round "4"]
[White "Nakamura,Hi"]
[Black "Meskenas,Paulius"]
[Result "1-0"]
[WhiteElo "2802"]
[BlackElo "2198"]

1.e4 e5 2.Bc4 Nc6 3.d3 Bc5 4.Nc3 Nf6 5.h3 d6 6.Nge2 h6 7.Ng3 a6 8.O-O O-O
9.Kh1 Be6 10.f4 Bxc4 11.dxc4 exf4 12.Bxf4 Ne5 13.Nf5 Kh7 14.Bxe5 dxe5 15.Qf3 Qd2
16.Rad1 Qg5 17.Nd5 c6 18.Nxf6+ Qxf6 19.c3 Rad8 20.b4 Ba7 21.c5 b6 22.Qe2 bxc5
23.Qxa6 Bb8 24.bxc5 Qe6 25.Ne3 Qe7 26.Qxc6 Rc8 27.Qd7 Qxc5 28.Nd5 Rcd8 29.Qg4 Rd6
30.Rf5 Rg6 31.Qf3 Qa5 32.Rxf7 Rxf7 33.Qxf7 Qa4 34.Rg1 Bd6 35.Qf5 Qxa2 36.h4 h5
37.Qxh5+ Rh6 38.Qf5+ Kg8 39.g3 Bc5 40.Qc8+ Kh7 41.Qxc5 Qe2 42.Qe3 Qg4 43.Kh2 Ra6
44.Qf2 Kh8 45.Qf8+  1-0

[Event "Titled Tue 6th Aug Late"]
[Site "chess.com INT"]
[Date "2024.08.06"]
[Round "5"]
[White "Paichadze,L"]
[Black "Nakamura,Hi"]
[Result "0-1"]
[WhiteElo "2516"]
[BlackElo "2802"]

1.e4 g6 2.d4 c6 3.Nc3 d5 4.Nf3 Bg4 5.Be2 Bg7 6.Be3 dxe4 7.Nxe4 Nf6 8.Nxf6+ exf6
9.Qd2 O-O 10.O-O-O Nd7 11.d5 c5 12.d6 Qb6 13.Bh6 Rfe8 14.Bxg7 Kxg7 15.Rhe1 Rad8
16.h3 Bxf3 17.gxf3 Qc6 18.f4 Nb6 19.f5 Re5 20.fxg6 hxg6 21.c4 Re6 22.Qc3 Rdxd6
23.Bf3 Rxd1+ 24.Rxd1 Qa4 25.Qb3 Qxc4+ 26.Qxc4 Nxc4 27.Bd5 Nxb2 28.Kxb2 Re2+
29.Kb3 b5 30.f3 a5 31.Bc6 a4+ 32.Ka3 Re3+ 33.Kb2 a3+ 34.Kc2 b4 35.Bd5 c4
36.Rd2 f5 37.h4 Rc3+ 38.Kb1 b3 39.Rd4 Rc1+ 40.Kxc1 bxa2 41.Kc2 a1=Q 42.Rxc4 Qb2+
43.Kd3 a2  0-1

[Event "Titled Tue 6th Aug Early"]
[Site "chess.com INT"]
[Date "2024.08.06"]
[Round "5"]
[White "Galchenko,Matvey"]
[Black "Nakamura,Hi"]
[Result "0-1"]
[WhiteElo "2438"]
[BlackElo "2802"]

1.e4 g6 2.d4 c6 3.Nf3 d5 4.exd5 cxd5 5.h3 Nc6 6.Bd3 Bf5 7.Be2 Be4 8.c3 Bxf3
9.Bxf3 e6 10.O-O Bh6 11.Nd2 Nf6 12.Re1 O-O 13.Be2 a6 14.Nf3 Bxc1 15.Qxc1 b5
16.a4 b4 17.Ne5 Nxe5 18.dxe5 Ne4 19.Qe3 bxc3 20.bxc3 Qa5 21.c4 Nc3 22.cxd5 Nxd5
23.Qf3 Rac8 24.Bf1 Rc3 25.Qe2 Rc6 26.Qe4 Rfc8 27.Qd4 Rc2 28.Red1 R2c6 29.g3 Qc7
30.Bg2 Nc3 31.Re1 Rc5 32.Ra3 Rd8 33.Qe3 a5 34.Kh2 Nd5 35.Qg5 Qe7 36.Qg4 Nb4
37.Re2 Nd3 38.f4 Rc4 39.Ra1 h5 40.Qf3 h4 41.Rd2 hxg3+ 42.Qxg3 Nxf4 43.Rxd8+ Qxd8
44.Rf1 Qd4 45.Re1 Rc2  0-1

[Event "Titled Tue 6th Aug Late"]
[Site "chess.com INT"]
[Date "2024.08.06"]
[Round "6"]
[White "Nakamura,Hi"]
[Black "Klukin,Kirill"]
[Result "1-0"]
[WhiteElo "2802"]
[BlackElo "2413"]

1.e4 c5 2.d4 cxd4 3.c3 g6 4.cxd4 d5 5.e5 Bg7 6.Nc3 a6 7.h3 Nc6 8.Nf3 f6 9.exf6 Nxf6
10.g3 O-O 11.Bg2 Bf5 12.O-O Ne4 13.Be3 Qd7 14.Kh2 Nxc3 15.bxc3 Be4 16.Qe2 Rac8
17.Nd2 Bxg2 18.Kxg2 e5 19.dxe5 Bxe5 20.Rac1 d4 21.cxd4 Bxd4 22.Nf3 Bxe3 23.Qxe3 Rce8
24.Qb3+ Qf7 25.Qxf7+ Rxf7 26.Rfe1 Rxe1 27.Rxe1 Re7 28.Rb1 Kf7 29.a4 Ke6 30.Rd1 h6
31.g4 b5 32.axb5 axb5 33.Nh4 Kf7 34.Nxg6 Rb7 35.Rd6 Na5 36.Ne5+ Kg7 37.f4 b4
38.f5 b3 39.f6+ Kh7 40.f7 Kg7 41.Rg6+ Kf8 42.Rg8+  1-0

[Event "Titled Tue 6th Aug Early"]
[Site "chess.com INT"]
[Date "2024.08.06"]
[Round "6"]
[White "Nakamura,Hi"]
[Black "Tari,A"]
[Result "1-0"]
[WhiteElo "2802"]
[BlackElo "2637"]

1.e4 e5 2.Bc4 Nf6 3.d3 Bc5 4.Bb3 a5 5.c3 d6 6.Nf3 O-O 7.O-O Bb6 8.h3 h6 9.Re1 Re8
10.Nbd2 c6 11.Nf1 Be6 12.Bc2 Nbd7 13.d4 Bc7 14.Ne3 d5 15.exd5 Nxd5 16.Ng4 Bxg4
17.hxg4 exd4 18.Rxe8+ Qxe8 19.Qxd4 N7f6 20.g5 hxg5 21.Bxg5 Qe2 22.Qd2 Qxd2
23.Bxd2 Bf4 24.Be1 Re8 25.Kf1 Ne4 26.Rd1 Bc7 27.Rd3 Bb6 28.g3 Nc5 29.Rd2 Kf8
30.Re2 Rd8 31.Bd2 Nf6 32.Bg5 Ne6 33.Bxf6 gxf6 34.Nh4 Rd5 35.f4 Bc7 36.Nf5 b5
37.Rh2 Ke8 38.Be4 Rd1+ 39.Ke2 Rg1 40.Bxc6+ Kd8 41.Rh8+  1-0

[Event "Titled Tue 6th Aug Late"]
[Site "chess.com INT"]
[Date "2024.08.06"]
[Round "7"]
[White "Svane,Frederik"]
[Black "Nakamura,Hi"]
[Result "1/2-1/2"]
[WhiteElo "2636"]
[BlackElo "2802"]

1.e4 c5 2.Nf3 e6 3.d3 d5 4.Nbd2 Nf6 5.g3 b6 6.Bg2 Bb7 7.O-O Be7 8.e5 Nfd7
9.Re1 g5 10.h3 Nc6 11.Nf1 h5 12.c4 d4 13.N1h2 Qc7 14.Bxg5 Ncxe5 15.Nxe5 Bxg5
16.Bxb7 Qxb7 17.Qf3 Qxf3 18.Nhxf3 Bf6 19.Re4 a5 20.a4 Bxe5 21.Nxe5 f5 22.Re2 Nxe5
23.Rxe5 Kf7 24.h4 Rag8 25.Kh2 f4 26.Re4 fxg3+ 27.fxg3 Ke7 28.Rae1 Rh6 29.Rf1 Rhg6
30.Rf3 Rf6 31.Kg2 Rxf3 32.Kxf3 Rf8+ 33.Rf4 Rg8 34.g4 e5 35.Re4 Ke6 36.gxh5 Kf5
37.h6 Rg6 38.h7 Rh6 39.Rg4 Rxh7 40.Rg5+ Ke6 41.Rg6+ Kf5 42.Rg5+ Kf6 43.Rg4 Rh6
44.Ke4 Ke6 45.Kf3 Kf5 46.Rg5+ Kf6 47.Rg4 Kf5 48.Rg5+ Ke6 49.Rg4 Rf6+ 50.Ke4 Rh6
51.Kf3  1/2-1/2

[Event "Titled Tue 6th Aug Early"]
[Site "chess.com INT"]
[Date "2024.08.06"]
[Round "7"]
[White "Kamsky,G"]
[Black "Nakamura,Hi"]
[Result "0-1"]
[WhiteElo "2609"]
[BlackElo "2802"]

1.e4 e5 2.Nf3 Nc6 3.Bb5 a6 4.Ba4 Bc5 5.O-O Nge7 6.Nxe5 Nxe5 7.d4 b5 8.Bb3 Bxd4
9.Qxd4 d6 10.c3 O-O 11.Bg5 h6 12.Bh4 Bb7 13.Nd2 c5 14.Qe3 Re8 15.f4 N5g6
16.Bg3 Nf5 17.Qf3 c4 18.Bc2 Nxg3 19.Qxg3 Qh4 20.Qxh4 Nxh4 21.f5 d5 22.g3 dxe4
23.gxh4 Rad8 24.Nb1 e3 25.Re1 a5 26.a3 a4 27.h3 Bf3 28.Kh2 e2 29.Kg3 Rd1
30.Kf2 Bh5 31.Bxd1 exd1=Q 32.Rxd1 Bxd1 33.Kf1 Re2  0-1

[Event "Titled Tue 6th Aug Early"]
[Site "chess.com INT"]
[Date "2024.08.06"]
[Round "8"]
[White "Nakamura,Hi"]
[Black "Bluebaum,M"]
[Result "1-0"]
[WhiteElo "2802"]
[BlackElo "2640"]

1.Nf3 d5 2.d4 e6 3.c4 Nf6 4.Bg5 Bb4+ 5.Nc3 h6 6.Bxf6 Qxf6 7.Qa4+ Nc6 8.Rc1 O-O
9.e3 Qg6 10.Qc2 Qxc2 11.Rxc2 Rd8 12.a3 Bf8 13.cxd5 exd5 14.g3 Ne7 15.Bd3 c6
16.O-O Bf5 17.Bxf5 Nxf5 18.b4 a5 19.Rb1 axb4 20.axb4 Nd6 21.b5 Nc4 22.bxc6 bxc6
23.Rcc1 Ba3 24.Rd1 Rdb8 25.Ne2 Bd6 26.h4 Rxb1 27.Rxb1 Rb8 28.Ra1 Ba3 29.h5 Rb3
30.Nf4 Kh7 31.g4 Bd6 32.Ng2 Na3 33.Nge1 Rb1 34.Ra2 Bb4 35.Kg2 Rb3 36.Nc2 Nc4
37.Nh4 Bf8 38.Nf5 g6 39.hxg6+ fxg6 40.Nh4 Kg7 41.Ne1 Rb7 42.Nd3 Bd6 43.Ra6 Rc7
44.Nf3 Kf6 45.Ra8 Kg7 46.Re8 Kf7 47.Rh8 Kg7 48.Rd8 Be7 49.Ra8 Bd6 50.Nc5 Bxc5
51.dxc5 Nb2 52.Nd4 Kf7 53.Rh8 Kf6 54.Rxh6 Nd3 55.f4 Nxc5 56.Kf3 Ne4 57.g5+ Nxg5+
58.fxg5+ Kxg5 59.Rh2 Kf6 60.Rc2 c5 61.Nb3 c4 62.Nd4 Ke5 63.Rg2 Kf6 64.Kf4 Re7
65.Kf3 Rc7 66.Ra2 c3 67.Ke2 g5 68.Kd3 g4 69.Rg2 Rg7 70.Kxc3 Rg8 71.Kd3 Kg5
72.Ne2 Kh4 73.Rh2+ Kg5 74.Ng3 Rf8 75.Rh5+ Kg6 76.Rxd5 Rf3 77.Ne4 Rf1 78.Rg5+ Kh6
79.Rxg4 Rd1+ 80.Nd2 Ra1 81.Ke2 Ra4 82.Rxa4  1-0

[Event "Titled Tue 6th Aug Late"]
[Site "chess.com INT"]
[Date "2024.08.06"]
[Round "8"]
[White "Nakamura,Hi"]
[Black "Indjic,A"]
[Result "1-0"]
[WhiteElo "2802"]
[BlackElo "2610"]

1.e4 c5 2.d4 cxd4 3.c3 d3 4.Bxd3 Nc6 5.c4 g6 6.Nf3 Bg7 7.O-O d6 8.h3 Nf6
9.Nc3 O-O 10.Be3 b6 11.Rc1 Bb7 12.b3 Rc8 13.Bb1 h6 14.Qe2 Nd7 15.Rfd1 Qc7
16.Qd2 Kh7 17.Nd5 Qb8 18.h4 Nde5 19.Nh2 Rcd8 20.f4 Nd7 21.h5 e6 22.Nc3 Nc5
23.Ne2 e5 24.f5 Ne7 25.Ng3 Ng8 26.b4 Na6 27.fxg6+ fxg6 28.hxg6+ Kxg6 29.Nf5 Kh7
30.Nxg7 Kxg7 31.Rc3 Rf6 32.Bf2 Rdf8 33.Bh4 Re6 34.Nf1 Kh7 35.Rg3 Nf6 36.Ne3 Nxe4
37.Nd5 Kh8 38.Bxe4  1-0

[Event "Titled Tue 6th Aug Late"]
[Site "chess.com INT"]
[Date "2024.08.06"]
[Round "9"]
[White "Carlsen,M"]
[Black "Nakamura,Hi"]
[Result "1-0"]
[WhiteElo "2832"]
[BlackElo "2802"]

1.Nf3 d5 2.b3 c5 3.e3 Nc6 4.Bb5 f6 5.Nc3 e5 6.Bxc6+ bxc6 7.Ba3 Ba6 8.Na4 Qa5
9.c4 dxc4 10.Qc2 Bb5 11.Qc3 Qa6 12.Bxc5 Bxa4 13.Bxf8 Kxf8 14.bxa4 Ne7 15.Rc1 Qxa4
16.Qxc4 Qxc4 17.Rxc4 Kf7 18.Ke2 Rhb8 19.Rhc1 Rb2 20.Ra4 Ke6 21.Ne1 a5 22.Nd3 Rb5
23.Nc5+ Kd6 24.Ne4+ Kc7 25.a3 Rd8 26.g4 Kb6 27.Rac4 Rb3 28.Nc5 Rb5 29.Ne6 Rg8
30.h4 g6 31.R1c2 Rc8 32.f4 Nd5 33.fxe5 fxe5 34.Nc5 Rc7 35.Nd3 Nf6 36.a4 Rd5
37.e4 Rd6 38.Nxe5 Re6 39.g5 Nh5 40.d4 Rd6 41.Ke3 Re7 42.Rxc6+ Rxc6 43.Rxc6+ Kb7
44.Rc5  1-0

[Event "Titled Tue 6th Aug Early"]
[Site "chess.com INT"]
[Date "2024.08.06"]
[Round "9"]
[White "Andreikin,D"]
[Black "Nakamura,Hi"]
[Result "1-0"]
[WhiteElo "2729"]
[BlackElo "2802"]

1.Nf3 d5 2.g3 g6 3.Bg2 Bg7 4.c4 dxc4 5.Qa4+ Nc6 6.Qxc4 e5 7.O-O Nge7 8.d3 O-O
9.Nc3 h6 10.Qh4 g5 11.Bxg5 hxg5 12.Nxg5 Bf5 13.Be4 Qd7 14.g4 f6 15.Bxf5 Qxf5
16.gxf5 fxg5 17.Qc4+ Kh8 18.e4 Rad8 19.Rad1 Bf6 20.Kh1 Rd7 21.Rg1 Nd4 22.Nb5 Nec6
23.Nxd4 Nxd4 24.Rg3 Rh7 25.Rdg1 Rg8 26.Kg2 Ne2 27.Kf1 Nf4 28.d4 Rd7 29.d5 c6
30.h4 cxd5 31.Qc1 g4 32.Rxg4 Rxg4 33.Rxg4 dxe4 34.Rxf4 exf4 35.Qxf4 Kg7 36.h5 Kh7
37.Qxe4 Re7 38.Qd5 Bxb2 39.Qd6 Rg7 40.Qe6 Rg5 41.Qf7+ Rg7 42.Qb3 Ba1 43.Qe6 Rg5
44.Qe7+ Rg7 45.f6  1-0

[Event "Titled Tue 6th Aug Early"]
[Site "chess.com INT"]
[Date "2024.08.06"]
[Round "10"]
[White "Nakamura,Hi"]
[Black "Aronian,L"]
[Result "1-0"]
[WhiteElo "2802"]
[BlackElo "2729"]

1.e4 e6 2.d3 d5 3.Nd2 c5 4.g3 Nc6 5.Bg2 Nf6 6.Ngf3 Be7 7.O-O O-O 8.Re1 b5
9.e5 Nd7 10.Nf1 b4 11.h4 a5 12.h5 h6 13.Bf4 a4 14.a3 Ba6 15.Ne3 Re8 16.c4 bxc3
17.bxc3 Rb8 18.c4 Nb6 19.Nh2 Bg5 20.cxd5 exd5 21.Nf5 Re6 22.Rc1 Qf8 23.Bxg5 hxg5
24.Ng4 Ne7 25.Qf3 Bc8 26.Nd6 Nc6 27.Rxc5 Nxe5 28.Nxe5 Rxd6 29.Rb5 Re6 30.Rbb1 Ba6
31.d4 Nc4 32.Qxd5 Rd8 33.Qf3 Nxe5 34.dxe5 Rd3 35.Qf5 Rxa3 36.Bd5 Bc8 37.Rb8  1-0

[Event "Titled Tue 6th Aug Late"]
[Site "chess.com INT"]
[Date "2024.08.06"]
[Round "10"]
[White "Nakamura,Hi"]
[Black "Ivic,Velimir"]
[Result "1/2-1/2"]
[WhiteElo "2802"]
[BlackElo "2592"]

1.e4 c5 2.d4 cxd4 3.c3 dxc3 4.Nxc3 e6 5.Nf3 a6 6.Bf4 b5 7.Bd6 Bb7 8.Bxf8 Kxf8
9.Qd6+ Qe7 10.Qb6 d5 11.exd5 Bxd5 12.Nxd5 exd5+ 13.Be2 Nf6 14.O-O Nbd7 15.Qc6 Rb8
16.Rfe1 Qe6 17.Rac1 Qxc6 18.Rxc6 Nb6 19.Nd4 h5 20.Bf3 Rh6 21.h4 Ne8 22.Rxh6 gxh6
23.Bxh5 Nd6 24.b3 Rc8 25.Bf3 Kg7 26.Re7 Rc1+ 27.Kh2 Ra1 28.Re2 Kf6 29.g4 Rd1
30.Nc6 Rd3 31.Kg2 Rc3 32.Nb4 d4 33.Rd2 a5 34.Nc2 Ndc4 35.bxc4 Nxc4 36.Rxd4 Rxc2
37.a4 bxa4 38.Bd5 Ne3+ 39.Kf3 Nxd5 40.Rxd5 a3 41.Rxa5 a2 42.Ke3 Kg6 43.Ra6+ Kg7
44.f3 Rb2 45.Kf4 Rc2 46.h5 Rb2 47.Kg3 Rc2 48.f4 Rc3+ 49.Kf2 Rc4 50.Ke3 Rc3+
51.Ke4 Rc4+ 52.Ke5 Rc2 53.g5 hxg5 54.fxg5 Kh7 55.Kf6 Rf2+ 56.Ke7 Kg7 57.h6+ Kh7
58.Kf8 Rg2 59.Kxf7 Rxg5 60.Rxa2 Kxh6 61.Ra8 Kh5 62.Kf6 Kg4 63.Ra4+ Kh5 64.Ra1 Rb5
65.Rg1 Kh4 66.Rh1+ Kg3 67.Rc1 Kf2 68.Rc3 Rb2 69.Ra3 Re2 70.Kf5 Re3 71.Ra2+ Re2
72.Ra6 Re3 73.Kg4 Rg3+ 74.Kh4 Rf3 75.Ra1 Re3 76.Kg5 Kf3 77.Kf5 Rd3 78.Rf1+ Ke2
79.Rb1 Re3 80.Kg4 Rc3 81.Kf4 Kd3 82.Rh1 Kc2 83.Ke4 Rc4+ 84.Kd5 Rc3 85.Rh2+ Kb3
86.Rh4 Rd3+ 87.Kc5 Rc3+ 88.Kb5 Rd3 89.Rb4+ Kc3 90.Rg4 Kd2 91.Kc4 Re3 92.Rg2+ Re2
93.Rxe2+ Kxe2  1/2-1/2

[Event "Titled Tue 6th Aug Early"]
[Site "chess.com INT"]
[Date "2024.08.06"]
[Round "11"]
[White "Kovalev,Vl"]
[Black "Nakamura,Hi"]
[Result "0-1"]
[WhiteElo "2539"]
[BlackElo "2802"]

1.e4 g6 2.d4 c6 3.Nd2 Nf6 4.Ngf3 Bg7 5.h3 d6 6.Bd3 O-O 7.O-O Qc7 8.a4 c5
9.e5 Nd5 10.exd6 exd6 11.dxc5 dxc5 12.c3 Nf4 13.Nc4 Rd8 14.Bxf4 Qxf4 15.Qe2 Nc6
16.Rad1 Bd7 17.Qe3 Qxe3 18.Nxe3 Na5 19.Bb5 Be6 20.b4 cxb4 21.cxb4 Nc6 22.Ng5 Bb3
23.Rb1 Ba2 24.Rbc1 Nxb4 25.Rc7 Rab8 26.Bc4 Bxc4 27.Nxc4 Nd5 28.Rxf7 Bh6 29.f4 Nxf4
30.R1xf4 Bxg5 31.Rf3 Rf8 32.Rd7 Rxf3 33.gxf3 a6 34.a5 Rc8 35.Nd6 Rc2 36.Ne4 Bh4
37.Rxb7 Ra2  0-1

[Event "Titled Tue 6th Aug Late"]
[Site "chess.com INT"]
[Date "2024.08.06"]
[Round "11"]
[White "Liang,Awonder"]
[Black "Nakamura,Hi"]
[Result "0-1"]
[WhiteElo "2666"]
[BlackElo "2802"]

1.e4 c6 2.b3 d5 3.Bb2 Nf6 4.e5 Ng8 5.Nc3 e6 6.Qe2 c5 7.f4 Nc6 8.Nf3 Nge7
9.O-O-O a6 10.g4 h5 11.Bh3 Nd4 12.Qf2 Nec6 13.Rde1 Nxf3 14.Qxf3 Nd4 15.Qg2 Bd7
16.gxh5 Rxh5 17.Bg4 Rh6 18.f5 exf5 19.Bf3 Nxf3 20.Qxf3 Be6 21.Ne2 g5 22.h4 gxh4
23.Nf4 Qd7 24.Nh5 O-O-O 25.Nf6 Qc7 26.Qf4 Rxf6  0-1

[Event "chess.com SpeedChess 2024"]
[Site "chess.com INT"]
[Date "2024.08.09"]
[Round "2.8"]
[White "Nepomniachtchi,I"]
[Black "Nakamura,Hi"]
[Result "1-0"]
[WhiteElo "2770"]
[BlackElo "2802"]

1.e4 e5 2.Nf3 Nc6 3.Bb5 a6 4.Ba4 Bc5 5.c3 Nge7 6.d4 exd4 7.cxd4 Bb4+ 8.Bd2 Bxd2+
9.Nbxd2 d5 10.O-O O-O 11.h3 Nb4 12.a3 Nd3 13.Bb3 c6 14.Qe2 Nf4 15.Qe3 Neg6
16.Rae1 Re8 17.e5 Bf5 18.Kh2 f6 19.Qc3 Qd7 20.exf6 gxf6 21.Rxe8+ Rxe8 22.Re1 Ne2
23.Qa5 Ngf4 24.Bd1 Bxh3 25.g3 Bg2 26.Ng1 Nxg1 27.Rxe8+ Qxe8 28.gxf4 Qe1 29.Qd8+ Kg7
30.Qd7+ Kh6 31.Kxg2 Qxd1 32.Qf5 Kg7 33.Qd7+ Kh6 34.Qe6 Kg7 35.Qe7+ Kg6 36.Qe8+ Kf5
37.Nf1 Kxf4 38.Ng3 Nf3 39.Qe3+ Kg4 40.Qe6+ Kh4 41.Qh3+ Kg5 42.Qh5+  1-0

[Event "chess.com SpeedChess 2024"]
[Site "chess.com INT"]
[Date "2024.08.09"]
[Round "2.2"]
[White "Nepomniachtchi,I"]
[Black "Nakamura,Hi"]
[Result "0-1"]
[WhiteElo "2770"]
[BlackElo "2802"]

1.e4 e5 2.Nf3 Nc6 3.Bb5 Nf6 4.O-O Nxe4 5.d4 Nd6 6.Bxc6 dxc6 7.dxe5 Nf5 8.Qxd8+ Kxd8
9.Nc3 Bd7 10.h3 h6 11.b3 a5 12.a4 Kc8 13.Bb2 b6 14.Rad1 Ne7 15.Ne2 c5 16.c4 Bf5
17.Rd2 Kb7 18.Nf4 g5 19.Nh5 Be6 20.g4 Ng6 21.Kh2 Be7 22.Kg3 c6 23.Ng7 Bd8
24.Rfd1 Bc7 25.Nf5 Rag8 26.Nd6+ Kb8 27.Ne4 Re8 28.Nf6 Re7 29.Re1 Bc8 30.h4 Re6
31.Nh5 Rg8 32.hxg5 hxg5 33.Kg2 Nf4+ 34.Nxf4 gxf4 35.g5 Bd8 36.Re4 Bxg5 37.Nxg5 Rxg5+
38.Kf3 Rh6 39.Rxf4 Rh3+ 40.Ke2 Be6 41.Rd3 Rh1 42.Rd1 Rh2 43.Rd2 Rg1 44.Rd3 Rb1
45.Rd2 Rh3 46.Rc2 Rxb3 47.Bc1 Ra1 48.Rh4 Rxa4  0-1

[Event "chess.com SpeedChess 2024"]
[Site "chess.com INT"]
[Date "2024.08.09"]
[Round "2.14"]
[White "Nepomniachtchi,I"]
[Black "Nakamura,Hi"]
[Result "0-1"]
[WhiteElo "2770"]
[BlackElo "2802"]

1.e4 e5 2.Nf3 Nc6 3.Bb5 a6 4.Ba4 Nf6 5.O-O b5 6.Bb3 Bc5 7.a4 Rb8 8.Nxe5 Nxe5
9.axb5 Ba7 10.d4 Ng6 11.e5 Ne4 12.f3 Ng5 13.f4 Ne4 14.f5 Nxe5 15.Kh1 Qh4
16.Qe1 Qxe1 17.Rxe1 Nf2+ 18.Kg1 Bxd4 19.c3 Nd3+ 20.cxd4 Nxe1 21.dxe5 Nd3
22.Nc3 Nxc1 23.Rxc1 axb5 24.Ne4 Bb7 25.Ng5 h6 26.Nxf7 Rf8 27.e6 dxe6 28.fxe6 Rc8
29.Rc5 Ke7 30.Rxb5 Rb8 31.Rc5 c6 32.Bc4 Ra8 33.b4 Ra1+ 34.Kf2 Ra4 35.b5 Rxc4
36.Rxc4 Kxe6 37.bxc6 Rxf7+ 38.Ke3 Bc8 39.Rd4 Rc7  0-1

[Event "chess.com SpeedChess 2024"]
[Site "chess.com INT"]
[Date "2024.08.09"]
[Round "2.1"]
[White "Nakamura,Hi"]
[Black "Nepomniachtchi,I"]
[Result "0-1"]
[WhiteElo "2802"]
[BlackElo "2770"]

1.Nf3 d5 2.d4 Nf6 3.c4 e6 4.e3 Be7 5.Bd3 O-O 6.O-O c5 7.dxc5 dxc4 8.Bxc4 Bxc5
9.a3 b6 10.b4 Be7 11.Bb2 Bb7 12.Qe2 a5 13.bxa5 Rxa5 14.Nbd2 Nbd7 15.Nb3 Rh5
16.Rfd1 Qb8 17.h3 Qa8 18.Nbd2 Rh6 19.Bd3 Nc5 20.Bc2 Na4 21.Bd4 Rc8 22.Rdc1 Nd5
23.Qe1 Nc5 24.Nc4 Ba6 25.Nfd2 Rd8 26.Rab1 Bf8 27.Nxb6 Nxb6 28.Rxb6 Nd3 29.Bxd3 Bxd3
30.Rb3 Rg6 31.f3 Bf5 32.Kh1 Rh6 33.Qf2 Qd5 34.Bc3 Bxh3 35.gxh3 Rxh3+ 36.Kg2 Qh5
37.Nf1 Rd5 38.f4 Qg4+ 39.Ng3 Rdh5 40.Be1 Rh2+ 41.Kf1 Rh1+ 42.Qg1 Rxg1+ 43.Kxg1 Rh3
44.Kg2 h5 45.Rc8 h4 46.Rbb8 Rxg3+ 47.Bxg3 Qxg3+ 48.Kh1 h3 49.Rxf8+ Kh7 50.Rh8+ Kg6
51.Rb2 Qxe3 52.Rhb8 Qxf4 53.R8b3 Qg4 54.Kh2 Qf4+ 55.Kxh3 f5 56.Kg2 Kf6 57.Re2 g5
58.Rbe3 Qc4 59.a4 g4 60.a5 Qd5+ 61.Kg1 Qxa5 62.Rxe6+ Kg5 63.Re1 Qc5+ 64.Kg2 Qd5+
65.Kg1 Kh4 66.R6e2 f4 67.Re8 Kg3 68.R8e2 f3 69.Rh2 Qd4+ 70.Kh1 f2 71.Rg2+ Kf3
72.Rf1 g3 73.Rfxf2+ gxf2  0-1

[Event "chess.com SpeedChess 2024"]
[Site "chess.com INT"]
[Date "2024.08.09"]
[Round "2.6"]
[White "Nepomniachtchi,I"]
[Black "Nakamura,Hi"]
[Result "1-0"]
[WhiteElo "2770"]
[BlackElo "2802"]

1.e4 e5 2.Nf3 Nc6 3.Bb5 Nf6 4.d3 Bc5 5.O-O d6 6.c3 O-O 7.h3 Bb6 8.Nbd2 a6
9.Ba4 Ne7 10.Re1 Ng6 11.Nf1 h6 12.d4 Bd7 13.Bc2 Re8 14.Ng3 Bc6 15.a4 a5 16.Be3 exd4
17.Bxd4 Ne5 18.Bxb6 cxb6 19.Nd4 d5 20.f4 Ng6 21.e5 Ne4 22.Nxe4 dxe4 23.Nxc6 bxc6
24.Rxe4 Qe7 25.Qe2 Rad8 26.Kh2 Nf8 27.Re3 Ne6 28.Rf1 Qh4 29.Rg3 Nf8 30.Rff3 Rd7
31.Qe3 c5 32.Rg4 Qe7 33.Rfg3 g6 34.f5 g5 35.Rxg5+ hxg5 36.Rxg5+ Ng6 37.fxg6 f6
38.Bb3+  1-0

[Event "chess.com SpeedChess 2024"]
[Site "chess.com INT"]
[Date "2024.08.09"]
[Round "2.9"]
[White "Nakamura,Hi"]
[Black "Nepomniachtchi,I"]
[Result "1-0"]
[WhiteElo "2802"]
[BlackElo "2770"]

1.Nf3 Nf6 2.g3 d5 3.Bg2 Bf5 4.d3 c5 5.c4 dxc4 6.Qa4+ Bd7 7.Qxc4 e6 8.Ne5 Qc7
9.Nxd7 Qxd7 10.Be3 Na6 11.Nc3 Be7 12.O-O O-O 13.Qb5 Qxb5 14.Nxb5 Nd5 15.Bd2 Nab4
16.Rfc1 a6 17.Nc3 Rfd8 18.Kf1 Rac8 19.Rab1 Nc6 20.Na4 Nd4 21.Ba5 Re8 22.e3 Nc6
23.Bd2 Ncb4 24.Bxb4 Nxb4 25.Bxb7 Rb8 26.Bf3 Nxa2 27.Rc4 Nb4 28.Ke2 Red8 29.Rd1 Rb5
30.h4 f5 31.h5 Kf7 32.g4 g6 33.hxg6+ hxg6 34.gxf5 gxf5 35.Rh1 Nxd3 36.Rh7+ Kf6
37.Rh6+ Ke5 38.Bh5 Nxb2 39.Bf7 Rd6 40.Nc3 Rd2+ 41.Kxd2 Nxc4+ 42.Kd3 Nb2+
43.Kc2 Kd6 44.Nxb5+  1-0

[Event "chess.com SpeedChess 2024"]
[Site "chess.com INT"]
[Date "2024.08.09"]
[Round "2.10"]
[White "Nepomniachtchi,I"]
[Black "Nakamura,Hi"]
[Result "0-1"]
[WhiteElo "2770"]
[BlackElo "2802"]

1.e4 e5 2.Nf3 Nc6 3.Bb5 Nf6 4.d3 Bc5 5.O-O d6 6.c3 O-O 7.h3 a6 8.Ba4 b5 9.Bc2 Bb6
10.Re1 Re8 11.Nbd2 h6 12.a4 Rb8 13.Nf1 d5 14.exd5 Qxd5 15.Ng3 Be6 16.b4 Qd6
17.Bd2 Rbd8 18.Qc1 Bd5 19.Ne4 Nxe4 20.dxe4 Bc4 21.Be3 Nb8 22.a5 Bxe3 23.Qxe3 Nd7
24.Rad1 Qc6 25.Rd2 Rc8 26.Red1 Nf8 27.Nh4 Qf6 28.Nf5 Ne6 29.g3 Rcd8 30.Bd3 Bxd3
31.Rxd3 h5 32.Rd7 Nf8 33.Rxd8 Rxd8 34.Rxd8 Qxd8 35.Qc5 Ng6 36.h4 Qd1+ 37.Kg2 Qd3
38.Qc6 Kh7 39.Qd5 Qxd5 40.exd5 Nf8 41.d6 cxd6 42.Nxd6 Kg6 43.c4 bxc4 44.Nxc4 Nd7
45.Nb6 Nb8 46.Nd5 Nc6 47.b5 axb5 48.a6 Na7 49.Kf3 f5 50.Ke3 Kf7 51.Kd3 Ke6
52.Ne3 g6 53.Kc3 Nc6 54.Nc2 Kd6 55.Nb4 Na7 56.Nd3 Nc6 57.Kb3 Kc7 58.Nb4 Nd4+
59.Kc3 Kb6 60.Kd3 Ne6 61.Ke3 e4 62.f3 exf3 63.Kxf3 Nc7 64.Kf4 Kc5 65.Nd3+ Kd4
66.Ne5 Nxa6 67.Nxg6 b4 68.Ne7 b3 69.Nc6+ Kc3  0-1

[Event "chess.com SpeedChess 2024"]
[Site "chess.com INT"]
[Date "2024.08.09"]
[Round "2.11"]
[White "Nakamura,Hi"]
[Black "Nepomniachtchi,I"]
[Result "1-0"]
[WhiteElo "2802"]
[BlackElo "2770"]

1.Nf3 d5 2.g3 g6 3.d4 Nf6 4.Bg2 Bg7 5.O-O O-O 6.a4 a5 7.c3 c6 8.Nbd2 Nbd7
9.Re1 Re8 10.e4 dxe4 11.Nxe4 Nxe4 12.Rxe4 Nf6 13.Re1 Be6 14.Rxe6 fxe6 15.Qe2 h6
16.Bh3 Kh7 17.Bxe6 Rf8 18.Bb3 Nd5 19.Bc2 Qd6 20.Ne5 Bxe5 21.dxe5 Qe6 22.Qh5 Rf5
23.Bxf5 Qxf5 24.Qxh6+ Kg8 25.Qg5 Qe4 26.Bd2 Rf8 27.Re1 Qc2 28.h4 Kf7 29.h5 gxh5
30.Qxh5+ Ke6 31.Qh6+ Kf7 32.Qh5+ Ke6 33.Qg4+ Qf5 34.Qxf5+ Kxf5 35.f3 b5 36.axb5 cxb5
37.Re4 Ke6 38.Kg2 Nb6 39.b3 Ra8 40.Bc1 a4 41.bxa4 bxa4 42.Ba3 Nd5 43.c4 Nc3
44.Re3 Nb1 45.f4 Nd2 46.Rc3 Rb8 47.c5 Ne4 48.Rc4 Nxg3 49.Kxg3 Rb3+ 50.Kg4 Rxa3
51.c6 Kd5 52.Rc1  1-0

[Event "chess.com SpeedChess 2024"]
[Site "chess.com INT"]
[Date "2024.08.09"]
[Round "2.12"]
[White "Nepomniachtchi,I"]
[Black "Nakamura,Hi"]
[Result "1/2-1/2"]
[WhiteElo "2770"]
[BlackElo "2802"]

1.e4 e5 2.Nf3 Nc6 3.Bb5 a6 4.Ba4 Bc5 5.c3 Nge7 6.d4 exd4 7.cxd4 Bb4+ 8.Bd2 Bxd2+
9.Qxd2 d5 10.exd5 Nxd5 11.Bxc6+ bxc6 12.O-O O-O 13.Nc3 Nxc3 14.Qxc3 Be6 15.Ne5 Bd5
16.Rac1 a5 17.Nxc6 Bxc6 18.Qxc6 Qxd4 19.Qc3 Qxc3 20.Rxc3 Rfb8 21.Rc2 a4 22.Rd1 h5
23.h4 Rb4 24.g3 Rab8 25.Rdd2 g6 26.Kg2 Kg7 27.a3 R4b7 28.Rd4 Rxb2 29.Rxc7 R8b6
30.Rf4 Rf6 31.Rxf6 Kxf6 32.Rc4 Rb3 33.Rxa4 Kg7 34.Kf1 Rb2 35.Rb4 Ra2 36.a4 f6
37.Kg2 g5 38.Kf3 Kg6 39.Ke3 Kf5 40.Rc4 Kg6 41.Rb4 Kf5 42.Kf3 Ra3+ 43.Kg2 Kg6
44.Rd4 Kf5 45.Rd5+ Kg6 46.a5 gxh4 47.gxh4 Ra4 48.Kg3 Rg4+ 49.Kh3 Ra4 50.f3 Rf4
51.Kg3 Ra4 52.Rb5 Kh6 53.Rb6 Rxa5 54.Rxf6+ Kg7 55.Rd6 Ra4 56.Re6 Kf7 57.Re4 Ra5
58.Kf4 Kf6 59.Rb4 Rf5+ 60.Kg3 Ra5 61.Rb8 Ra4 62.Rg8 Ra5 63.Rf8+ Kg7 64.Re8 Kf6
65.Re4 Kf5 66.Rb4 Ra6 67.Rb5+ Kg6 68.Rg5+ Kh6 69.Re5 Kg6 70.Kf4 Ra4+ 71.Re4 Ra6
72.Rd4 Rf6+ 73.Ke3 Re6+ 74.Kf2 Ra6 75.Rd5 Ra4 76.Rd6+ Kg7 77.Kg3 Rb4 78.Re6 Ra4
79.Re4 Ra5 80.Re3 Kf6 81.Rb3 Ra4 82.f4 Ra5 83.Kf3 Kf5 84.Rc3 Rb5 85.Ra3 Rc5
86.Rb3 Ra5 87.Kg3 Rc5 88.Re3 Ra5 89.Rd3 Rb5 90.Re3 Ra5 91.Kf3 Rb5 92.Re8 Rb3+
93.Re3 Rb5 94.Re8 Rb3+ 95.Re3 Rb5  1/2-1/2

[Event "chess.com SpeedChess 2024"]
[Site "chess.com INT"]
[Date "2024.08.09"]
[Round "2.13"]
[White "Nakamura,Hi"]
[Black "Nepomniachtchi,I"]
[Result "0-1"]
[WhiteElo "2802"]
[BlackElo "2770"]

1.Nf3 d5 2.g3 Nf6 3.Bg2 e6 4.c4 Be7 5.d4 O-O 6.Qc2 c5 7.dxc5 Qa5+ 8.Nbd2 dxc4
9.O-O Qxc5 10.Nxc4 b5 11.Ng5 Nc6 12.Be3 Qxc4 13.Qxc4 bxc4 14.Bxc6 Rb8 15.Rab1 Bb7
16.Bxb7 Rxb7 17.Nf3 Rfb8 18.Bd4 Ne4 19.Rfc1 c3 20.Bxc3 Nxc3 21.Rxc3 Bf6 22.Rc4 Rxb2
23.Rxb2 Bxb2 24.Rc7 a5 25.Ng5 Rf8 26.Ra7 Bc3 27.a3 h6 28.Ne4 Rc8 29.Nxc3 Rxc3
30.Rxa5 g5 31.Ra7 g4 32.Kg2 Kg7 33.a4 Rc2 34.e3 Ra2 35.a5 h5 36.a6 Kg6 37.Ra8 Kg7
38.Kf1 Kh7 39.Ke1 Kg7 40.a7 Kf6 41.Kd1 Ra1+ 42.Kc2 Ra6 43.Kd3 Ra3+ 44.Kc4 Ra4+
45.Kb3 Ra1 46.Rh8 Rxa7 47.Rxh5 Rc7 48.Kb2 Kg6 49.Re5 Kf6 50.Rb5 Rc8 51.Rh5 Kg6
52.Rh4 Kg5 53.h3 gxh3 54.Rxh3 f5 55.Rh4 e5 56.Kb3 Rc1 57.Rc4 Rf1 58.Rc2 Kg4
59.Kc4 Rd1 60.Ra2 e4 61.Rc2 Kf3 62.Ra2 Rf1 63.Ra5 Rxf2 64.Rxf5+ Kxe3 65.g4 Rf4
66.Rg5 Kf2 67.Kc3 e3 68.Re5 Rxg4 69.Kd3 Rg3 70.Re8 Rf3 71.Re7 Rf8  0-1

[Event "chess.com SpeedChess 2024"]
[Site "chess.com INT"]
[Date "2024.08.09"]
[Round "2.15"]
[White "Nakamura,Hi"]
[Black "Nepomniachtchi,I"]
[Result "1/2-1/2"]
[WhiteElo "2802"]
[BlackElo "2770"]

1.Nf3 c5 2.g3 Nc6 3.d4 cxd4 4.Nxd4 g6 5.Bg2 Bg7 6.Nb3 Nf6 7.c4 O-O 8.O-O d6
9.Nc3 Be6 10.Nd5 Rc8 11.Bg5 Bxd5 12.cxd5 Na5 13.Nxa5 Qxa5 14.Qb3 Rc7 15.Rfd1 Rfc8
16.Bd2 Qa6 17.Bh3 Re8 18.Kf1 Ne4 19.Be3 f5 20.Bg2 Nc5 21.Qb4 Rec8 22.Bf3 Na4
23.Rab1 Rc2 24.Rdc1 Bxb2 25.Rxc2 Rxc2 26.Qb3 Rc3 27.Qb4 Rc4 28.Qb3 Rc3 29.Qb4 Rc4
30.Qb3 Rc3  1/2-1/2